| 000 | 00636nam a22001937a 4500 | ||
|---|---|---|---|
| 999 |
_c20410 _d20410 |
||
| 003 | AR-CdUCM | ||
| 008 | 190530b ||||| |||| 00| 0 spa d | ||
| 040 |
_aMUNICIPALIDAD PROVINCIAL DEL CUSCO _cBIBLIOTECA MUNICIPAL DEL CUSCO |
||
| 082 |
_a869.56 / _bV54 |
||
| 100 |
_aVertiz, Marco Antonio _942680 |
||
| 245 | _aRitmos en América / | ||
| 260 |
_aBuenos Aires : _bIdeas, _c1949. |
||
| 300 |
_a110 páginas ; _c20 cm. |
||
| 505 | _aContenido: Época heroica -- Época lírica -- Rumor de la montaña y poemas del misterio. | ||
| 650 |
_aPoemas _9929 |
||
| 650 |
_aAmérica _91348 |
||
| 942 |
_2ddc _cLIBROS |
||
| 945 |
_adavv _d2019-05-30 |
||